[Event "AUTO-OPEN-4165"]
[Site "http://www.queenalice.com/game.php?id=1609023"]
[Date "2020.4.23"]
[Round "1"]
[White "BigRezi"]
[Black "muppyman"]
[Result "0-1"]
[WhiteElo "1696"]
[BlackElo "2168"]

1. e4 e6 2. d4 d5 3. Nc3 Bb4 4. e5 Ne7 5. a3 Bxc3+ 6. bxc3 c5 7. Bb5+ Nbc6 8.
Nf3 Qa5 9. Qd3 Bd7 10. Bd2 c4 0-1

[Event "AUTO-OPEN-4165"]
[Site "http://www.queenalice.com/game.php?id=1609024"]
[Date "2020.4.23"]
[Round "1"]
[White "muppyman"]
[Black "pizzaiolo72"]
[Result "0-1"]
[WhiteElo "2138"]
[BlackElo "2120"]

1. e4 c5 2. Nf3 d6 3. d4 cxd4 4. Nxd4 Nc6 5. Bb5 Bd7 6. Nc3 Nf6 7. Bg5 h6 8.
Bxf6 exf6 9. O-O Be7 10. Nd5 O-O 11. c3 a6 12. Ba4 b5 13. Bc2 Nxd4 14. Qxd4 Bc6
15. a4 Bxd5 0-1

[Event "AUTO-OPEN-4165"]
[Site "http://www.queenalice.com/game.php?id=1609025"]
[Date "2020.4.23"]
[Round "1"]
[White "pizzaiolo72"]
[Black "muppyman"]
[Result "0-1"]
[WhiteElo "2117"]
[BlackElo "2127"]

1. e4 e6 2. c4 d5 3. e5 c5 4. cxd5 exd5 5. d4 cxd4 6. Qxd4 Nc6 7. Bb5 Qa5+ 8.
Nc3 Qxb5 9. Nxb5 Nxd4 10. Nxd4 Bd7 11. Bd2 Rc8 12. Nge2 Bc5 13. O-O Ne7 14. b4
Bb6 15. Rac1 O-O 16. b5 Ng6 17. f4 Bxb5 18. Kh1 Bxd4 19. Nxd4 Bxf1 20. Rxf1 Rc4
21. Nb5 Rc2 22. Bb4 Rfc8 23. g3 Rb2 24. a3 Rcc2 25. Rd1 Rxh2+ 26. Kg1 Rbg2+ 27.
Kf1 Rf2+ 28. Ke1 Re2+ 29. Kf1 Ref2+ 30. Ke1 Rb2 0-1

[Event "AUTO-OPEN-3891"]
[Site "http://www.queenalice.com/game.php?id=1610163"]
[Date "2020.4.30"]
[Round "2"]
[White "diegem"]
[Black "muppyman"]
[Result "0-1"]
[WhiteElo "2015"]
[BlackElo "2102"]

1. e4 e6 2. d4 d5 3. Nc3 Bb4 4. e5 Ne7 5. Bd2 c5 6. Nf3 cxd4 7. Nxd4 O-O 8. Nce2
Bc5 9. Nf3 Qb6 10. Be3 Bxe3 11. fxe3 Nf5 12. Nfd4 Nxe3 13. Qc1 Nc4 14. b3 Nxe5
15. Qe3 Ng4 16. Qg3 h5 17. h3 Nf6 18. O-O-O Ne4 19. Qe1 e5 20. Nf3 Qe3+ 21. Kb2
Nf2 22. Rg1 Nxd1+ 23. Qxd1 Nc6 24. Qxd5 Rd8 25. Qc4 e4 26. Nh2 Rd2 27. Rh1 Rxe2
28. Bxe2 Be6 29. Qb5 Qd4+ 30. Kb1 Nb4 31. Qxb7 Rc8 32. Rd1 Qc3 33. Rc1 e3 34.
Bxh5 Nxc2 0-1

[Event "AUTO-OPEN-3891"]
[Site "http://www.queenalice.com/game.php?id=1610164"]
[Date "2020.4.30"]
[Round "2"]
[White "muppyman"]
[Black "diegem"]
[Result "1-0"]
[WhiteElo "2114"]
[BlackElo "2002"]

1. e4 e5 2. Nf3 Nc6 3. Bb5 d6 4. c3 Nf6 5. d4 Bd7 6. Be2 Be7 7. O-O O-O 8. a3
Nxe4 9. Be3 exd4 10. cxd4 d5 11. Nc3 Be6 12. Qb3 Nxc3 13. Qxc3 Bf6 14. Rac1 Bg4
15. h3 Bxf3 16. Bxf3 Re8 17. Qc5 Nxd4 18. Bxd4 c6 19. Rfe1 Bxd4 20. Rxe8+ Qxe8
21. Qxd4 Qe7 22. Kf1 a6 23. Re1 Qd6 24. h4 h6 25. g3 Qd7 26. Qb4 Rb8 27. Re7 Qf5
28. Kg2 Qf6 29. Rxb7 Rxb7 30. Qxb7 a5 31. Qa8+ Kh7 32. Qxa5 Qxb2 33. Qc5 d4 34.
Bxc6 Qd2 35. Qf5+ Kg8 36. Bd5 d3 37. Qxf7+ Kh7 38. Be4+ Kh8 39. Qf8# 1-0

[Event "AUTO-OPEN-3891"]
[Site "http://www.queenalice.com/game.php?id=1610167"]
[Date "2020.4.30"]
[Round "2"]
[White "erig1969"]
[Black "muppyman"]
[Result "1-0"]
[WhiteElo "2044"]
[BlackElo "2153"]

1. d4 d5 2. c4 e6 3. cxd5 exd5 4. a3 Be6 5. Nf3 c5 6. e3 Bd6 7. Nc3 c4 8. g3 Nc6
9. Bg2 Nf6 10. O-O Be7 11. b3 O-O 12. bxc4 1-0

[Event "AUTO-OPEN-3891"]
[Site "http://www.queenalice.com/game.php?id=1610168"]
[Date "2020.4.30"]
[Round "2"]
[White "muppyman"]
[Black "erig1969"]
[Result "0-1"]
[WhiteElo "2169"]
[BlackElo "2022"]

1. e4 c5 2. Nf3 a6 3. c3 g6 4. d4 cxd4 5. cxd4 Bg7 6. Nc3 e6 7. d5 e5 8. Be3 d6
9. Qa4+ Bd7 10. Qb4 Bc8 11. Nd2 Qe7 0-1

[Event "AUTO-OPEN-4165"]
[Site "http://www.queenalice.com/game.php?id=1628536"]
[Date "2020.9.29"]
[Round "2"]
[White "LOMBARDY"]
[Black "muppyman"]
[Result "1-0"]
[WhiteElo "2203"]
[BlackElo "2081"]

1. Nf3 d5 2. b3 Nf6 3. Bb2 c5 4. e3 Nc6 5. Bb5 e6 6. Bxc6+ bxc6 7. O-O Be7 8. d4
cxd4 9. exd4 O-O 10. Nbd2 Bb7 11. Re1 c5 12. c4 Rc8 13. Qc2 1-0

[Event "AUTO-OPEN-3736"]
[Site "http://www.queenalice.com/game.php?id=1645507"]
[Date "2021.3.3"]
[Round "2"]
[White "muppyman"]
[Black "Erithacus"]
[Result "1-0"]
[WhiteElo "2098"]
[BlackElo "1808"]

1. e4 Nc6 2. d4 e6 3. Nf3 Nf6 4. Bd3 Be7 5. Nc3 O-O 6. Be3 b6 7. O-O Bb7 8. Re1
d5 9. e5 Nd7 10. a3 h6 11. Qd2 a6 12. Bxh6 gxh6 13. Qxh6 f5 14. exf6 Rxf6 15.
Qh7+ Kf8 16. Qh8+ Kf7 17. Ng5# 1-0

[Event "AUTO-OPEN-3736"]
[Site "http://www.queenalice.com/game.php?id=1645508"]
[Date "2021.3.3"]
[Round "2"]
[White "Erithacus"]
[Black "muppyman"]
[Result "0-1"]
[WhiteElo "1804"]
[BlackElo "2111"]

1. Nf3 d5 2. g3 e6 3. Bg2 c5 4. O-O Nc6 5. b3 Nf6 6. Bb2 Be7 7. d3 O-O 8. Re1
Qd6 9. c4 d4 10. Nbd2 b6 11. e4 e5 12. a3 Ne8 13. Nh4 Bxh4 14. gxh4 Qe7 15. h5
Qh4 16. Nf3 Qxh5 17. Nd2 Bg4 18. Nf3 f5 19. Bc1 fxe4 20. Rxe4 Bxf3 21. Bxf3 Rxf3
22. Qe1 Nd6 23. Re2 Raf8 24. Raa2 R8f6 25. Rad2 Rg6+ 26. Kh1 Rf4 27. f3 Qxf3+
28. Rg2 Qf1+ 29. Qxf1 Rxf1+ 30. Rg1 Rgxg1# 0-1

[Event "AUTO-OPEN-4290"]
[Site "http://www.queenalice.com/game.php?id=1763883"]
[Date "2021.7.7"]
[Round "1"]
[White "alvm"]
[Black "muppyman"]
[Result "0-1"]
[WhiteElo "2142"]
[BlackElo "2129"]

1. d4 d5 2. c4 e6 3. Nc3 Nf6 4. Bg5 Be7 5. e3 O-O 6. Nf3 h6 7. Bh4 b6 8. cxd5
Nxd5 9. Bxe7 Qxe7 10. Bd3 Nxc3 11. bxc3 c5 12. O-O Bb7 13. Rb1 Nc6 14. Re1 Rac8
15. e4 cxd4 16. cxd4 Rfd8 17. Qa4 Qd7 18. Bb5 Qd6 19. Rbd1 a6 20. e5 axb5 21.
Qxb5 Qb4 22. Qxb4 Nxb4 23. h3 Nc2 24. Re2 Bxf3 25. gxf3 Nxd4 26. Kg2 Nxe2 0-1

[Event "AUTO-OPEN-4290"]
[Site "http://www.queenalice.com/game.php?id=1763884"]
[Date "2021.7.7"]
[Round "1"]
[White "muppyman"]
[Black "alvm"]
[Result "1-0"]
[WhiteElo "2141"]
[BlackElo "2130"]

1. e4 c6 2. d4 d5 3. e5 Bf5 4. Nf3 e6 5. Be2 Ne7 6. O-O Nd7 7. a3 c5 8. dxc5
Nxc5 9. Nc3 Nc6 10. Bb5 Be7 11. Nd4 Qc7 12. Nxf5 exf5 13. Nxd5 Qd8 14. Qf3 O-O
15. Rd1 Nxe5 16. Qxf5 Bd6 17. Bf4 Ng6 18. Bxd6 Qxd6 19. b4 Qe6 20. Qf3 Ne5 21.
Qe3 Ng4 22. Qxc5 Kh8 23. Bd7 Qg6 24. Ba4 Qh5 25. h3 Nh6 26. c4 Rac8 27. Qxa7
Rxc4 28. Qxb7 Qe5 29. Nb6 Rf4 30. Nd7 Qe2 31. Nxf8 Qxf2+ 32. Kh1 Ng4 33. Qc8 h6
34. Bc2 Nf6 35. Ng6+ 1-0

[Event "AUTO-OPEN-4290"]
[Site "http://www.queenalice.com/game.php?id=1763909"]
[Date "2021.7.7"]
[Round "1"]
[White "zmanomega"]
[Black "muppyman"]
[Result "0-1"]
[WhiteElo "1524"]
[BlackElo "2124"]

1. d4 d5 2. Nf3 Nf6 3. Ne5 c5 4. c3 e6 5. Bg5 Qb6 6. b3 cxd4 7. cxd4 Ne4 8. Be3
Bb4+ 9. Nd2 Nc3 10. Qc2 O-O 11. g3 Nb5 12. O-O-O Bd7 13. h4 Rc8 14. Ndc4 dxc4
15. Nxc4 Na3 16. Qd3 Qc6 17. Bd2 Bxd2+ 18. Rxd2 Qxh1 19. e3 b5 20. Kb2 bxc4 21.
Qe2 c3+ 0-1

[Event "AUTO-OPEN-4290"]
[Site "http://www.queenalice.com/game.php?id=1763910"]
[Date "2021.7.7"]
[Round "1"]
[White "muppyman"]
[Black "zmanomega"]
[Result "1-0"]
[WhiteElo "2123"]
[BlackElo "1555"]

1. e4 e5 2. Nf3 d6 3. d4 f6 4. Bc4 exd4 5. Nxd4 Ne7 6. Nc3 Nbc6 7. Ne6 Bxe6 8.
Bxe6 Ng6 9. Be3 a6 10. Qh5 Nb4 11. Bf5 Nxc2+ 12. Ke2 Nxa1 13. Rxa1 Ke7 14. Nd5+
Kf7 15. Nf4 Be7 16. Be6+ 1-0

[Event "AUTO-OPEN-4290"]
[Site "http://www.queenalice.com/game.php?id=1763925"]
[Date "2021.7.7"]
[Round "1"]
[White "cavaleiro_cambraia"]
[Black "muppyman"]
[Result "1-0"]
[WhiteElo "2460"]
[BlackElo "2153"]

1. c4 e5 2. Nc3 Nc6 3. Nf3 Nf6 4. a3 Be7 5. e3 d5 6. d4 exd4 7. exd4 Bg4 8. c5
O-O 9. Be2 Ne4 10. h3 Bf5 11. O-O Nxc3 12. bxc3 Na5 13. Bf4 c6 14. a4 b6 15.
cxb6 axb6 16. Re1 Re8 17. Ra2 Bf8 18. Rb2 h6 19. Bg3 Be4 20. Nd2 Bf5 21. Bf4 Re6
22. Bf1 Rxe1 23. Qxe1 Nb7 24. Qd1 Ba3 25. Ra2 Bd6 26. Bh2 Bxh2+ 27. Kxh2 Qc7+
28. g3 Nd6 29. Qb3 Qa7 30. Nf3 Be4 31. Ne5 Qc7 32. Bg2 Bxg2 33. Kxg2 f6 34. Ng6
Re8 35. h4 Qd8 36. Qd1 1-0

[Event "AUTO-OPEN-4290"]
[Site "http://www.queenalice.com/game.php?id=1763926"]
[Date "2021.7.7"]
[Round "1"]
[White "muppyman"]
[Black "cavaleiro_cambraia"]
[Result "0-1"]
[WhiteElo "2150"]
[BlackElo "2462"]

1. e4 c5 2. Nf3 e6 3. Nc3 a6 4. d4 cxd4 5. Nxd4 b5 6. Bd3 Qc7 7. O-O Bb7 8. Re1
Bd6 9. Nf3 Nc6 10. Bxb5 Ne5 11. Nd4 Bb4 12. Bf1 Ne7 13. Bf4 N7g6 14. Bg3 h5 15.
a3 Bxc3 16. bxc3 h4 17. Bxe5 Nxe5 18. Rb1 h3 19. g3 g5 20. Qd2 f6 21. f3 Ke7 22.
Qe3 Rac8 23. Kh1 Nf7 24. a4 g4 25. fxg4 Rcg8 26. Be2 Nd6 27. Bf3 Nc4 28. Qf4
Qxf4 29. gxf4 Ba8 30. Re2 e5 31. Rb4 Nd6 32. fxe5 fxe5 33. Nf5+ Nxf5 34. gxf5
Rh4 35. Re3 Rf4 0-1

[Event "AUTO-OPEN-3736"]
[Site "http://www.queenalice.com/game.php?id=1767037"]
[Date "2021.8.15"]
[Round "3"]
[White "muppyman"]
[Black "Fischercat"]
[Result "1-0"]
[WhiteElo "2125"]
[BlackElo "1768"]

1. e4 e5 2. Nf3 d6 3. d4 exd4 4. Nxd4 h6 5. Nc3 Be7 6. Be3 a6 7. Qd2 Nf6 8.
O-O-O Ng4 9. Bf4 O-O 10. f3 Ne5 11. Kb1 c5 12. Nf5 Bxf5 13. exf5 Nbc6 14. Be3
Bg5 15. f4 1-0

[Event "AUTO-OPEN-3736"]
[Site "http://www.queenalice.com/game.php?id=1767038"]
[Date "2021.8.15"]
[Round "3"]
[White "Fischercat"]
[Black "muppyman"]
[Result "0-1"]
[WhiteElo "1829"]
[BlackElo "2126"]

1. d4 d5 2. Nc3 Nf6 3. Bg5 h6 4. Bxf6 exf6 5. a3 c6 6. e3 Bd6 7. Bd3 O-O 8. Qh5
Nd7 9. Nf3 Nb6 10. Ne2 Be6 11. Nh4 Nc4 12. Nf5 Nxb2 13. Neg3 Nxd3+ 14. cxd3 Qa5+
15. Ke2 Qd8 16. a4 Qd7 17. Qg4 g6 18. Nxh6+ Kh7 19. Qf3 Kxh6 20. h4 Bg4 0-1